Catálogo
 En Linea

La Representation parlementaire de Fort-Liberte (Haiti) de 1930 a 1972 / (Registro nro. 13745)

Detalles MARC
000 -CABECERA
campo de control de longitud fija 00942cam a2200265 i 4500
001 - NÚMERO DE CONTROL
campo de control 000014143
005 - FECHA Y HORA DE LA ÚLTIMA TRANSACCIÓN
campo de control 20200929163507.0
008 - DATOS DE LONGITUD FIJA--INFORMACIÓN GENERAL
campo de control de longitud fija 760114s1974 fr a b 000 0 fre
010 ## - NÚMERO DE CONTROL DE LA BIBLIOTECA DEL CONGRESO
Número de control de LC 75522430
015 ## - NÚMERO DE BIBLIOGRAFÍA NACIONAL
Número de bibliografía nacional F75-12105
020 ## - NÚMERO INTERNACIONAL ESTÁNDAR DEL LIBRO
Condiciones de disponibilidad 21.00F
040 ## - FUENTE DE LA CATALOGACIÓN
Centro catalogador/agencia de origen DO-SdBNP
Centro/agencia transcriptor DLC
Centro/agencia modificador DLC
043 ## - CÓDIGO DE ÁREA GEOGRÁFICA
Código de área geográfica nwht---
050 00 - SIGNATURA TOPOGRÁFICA DE LA BIBLIOTECA DEL CONGRESO
Número de clasificación F1929.F67
Número de documento/Ítem C34
100 1# - ENTRADA PRINCIPAL--NOMBRE DE PERSONA
Nombre de persona Calixte, Nyll F.
9 (RLIN) 31982
245 13 - MENCIÓN DE TÍTULO
Título La Representation parlementaire de Fort-Liberte (Haiti) de 1930 a 1972 /
Mención de responsabilidad, etc. Dr Nyll F. Calixte.
260 ## - PUBLICACIÓN, DISTRIBUCIÓN, ETC.
Lugar de publicación, distribución, etc. Paris :
Nombre del editor, distribuidor, etc. Editions de l'Ecole,
Fecha de publicación, distribución, etc. 1974.
300 ## - DESCRIPCIÓN FÍSICA
Extensión 175 p. :
Otras características físicas ill. ;
Dimensiones 21 cm.
490 0# - MENCIÓN DE SERIE
Mención de serie Collection Histoire et litterature haitiennes
504 ## - NOTA DE BIBLIOGRAFÍA, ETC.
Nota de bibliografía, etc. Bibliography: p. 172-174.
651 #0 - PUNTO DE ACCESO ADICIONAL DE MATERIA--NOMBRE GEOGRÁFICO
Nombre geográfico Fort Liberte (Haiti{Rpara}
Subdivisión general History.
9 (RLIN) 31983
651 #0 - PUNTO DE ACCESO ADICIONAL DE MATERIA--NOMBRE GEOGRÁFICO
Nombre geográfico Fort Liberte (Haiti{Rpara}
Subdivisión general Politics And Government.
9 (RLIN) 31984
650 #0 - PUNTO DE ACCESO ADICIONAL DE MATERIA--TÉRMINO DE MATERIA
Término de materia o nombre geográfico como elemento de entrada Representative government and representation
Subdivisión geográfica Haiti
-- Fort Liberte.
9 (RLIN) 31985
910 ## - DATOS DE OPCIÓN DEL USUARIO (OCLC)
Datos de opción del usuario Catalogación por copia / LC
Existencias
Estado de retiro Estado de pérdida Restricciones de uso No para préstamo Código de colección Localización permanente Ubicación/localización actual Ubicación en estantería Fecha de adquisición Número de inventario Total de préstamos Signatura topográfica completa Código de barras Fecha visto por última vez Precio válido a partir de Tipo de ítem Koha
    Préstamo interno   Monografías: Libros y Folletos General General En catalogación 04.12.2009 LF1   14143-10 25.06.2020 25.06.2020 Préstamo interno

Con tecnología Koha